Statistics for All Pokémon used by important Unova trainers

Click here to take the quiz!

General Stats

  • This quiz has been taken 24 times
    (12 since last reset)
  • The average score is 292 of 365

Answer Stats

TrainerGamesPokémon% Correct
BrycenBW, B2W2Beartic
100%
HughB2W2Bouffalant
100%
GhetsisBW, USUMBouffalant
100%
AlderBW, B2W2Bouffalant
100%
CherenB2W2Bouffalant
100%
SkylaB2W2Braviary
100%
LenoraB2W2Braviary
100%
AlderB2W2Braviary
100%
CherenB2W2Cinccino
100%
Aurea JuniperB2W2 (Unused in battle)Cinccino
100%
LenoraB2W2Cinccino
100%
CherenB2W2Cinccino
100%
GhetsisBW, B2W2, USUMCofagrigus
100%
ShauntalBW, B2W2Cofagrigus
100%
BrycenBW, B2W2Cryogonal
100%
ZinzolinB2W2Cryogonal
100%
ZinzolinB2W2Cryogonal
100%
CherenBW (Conditionally)Dewott
100%
HughB2W2 (Conditionally)Dewott
100%
BiancaBW (Conditionally), B2W2Dewott
100%
IrisWhite, B2W2Druddigon
100%
DraydenBlack, B2W2Druddigon
100%
AlderBWDruddigon
100%
ElesaB2W2Eelektross
100%
HughB2W2Eelektross
100%
GhetsisBW, B2W2Eelektross
100%
EmmetBW, B2W2Eelektross
100%
HughB2W2 (Conditionally)Emboar
100%
CherenBW (Conditionally)Emboar
100%
BiancaBW (Conditionally)Emboar
100%
ChiliB2W2Emboar
100%
ElesaBW, B2W2Emolga
100%
ElesaBW, B2W2Emolga
100%
EmmetBW, B2W2Excadrill
100%
ClayBW, B2W2Excadrill
100%
IngoBW, B2W2Excadrill
100%
DraydenBlackFraxure
100%
IrisWhiteFraxure
100%
BiancaB2W2Fraxure
100%
CherenBW (Rematch only)Gigalith
100%
CaitlinBW, B2W2Gothitelle
100%
CherenBW (Rematch only)Haxorus
100%
EmmetBW, B2W2Haxorus
100%
IrisWhite, B2W2Haxorus
100%
IngoBW, B2W2Haxorus
100%
DraydenBlack, B2W2Haxorus
100%
BiancaBWHerdier
100%
LenoraBWHerdier
100%
RoodB2W2Herdier
100%
ClayBW, B2W2Krokorok
100%
ClayB2W2Krokorok
100%
ClayB2W2Krookodile
100%
AlderB2W2Krookodile
100%
GrimsleyBW, B2W2Krookodile
100%
BurghBW, B2W2Leavanny
100%
CherenBWLiepard
100%
GrimsleyBW, B2W2, SM, USUMLiepard
100%
ChiliBWLillipup
100%
CherenB2W2Lillipup
100%
CilanBWLillipup
100%
CressBWLillipup
100%
BiancaBWLillipup
100%
Aurea JuniperBWMinccino
100%
BiancaBW, B2W2Musharna
100%
CaitlinBW, B2W2Musharna
100%
HughB2W2 (Conditionally)Oshawott
100%
BiancaBW (Conditionally)Oshawott
100%
CherenBW (Conditionally)Oshawott
100%
ClayB2W2Palpitoad
100%
ClayBWPalpitoad
100%
CherenBW (Conditionally)Panpour
100%
CressBWPanpour
100%
BiancaBW (Conditionally)Panpour
100%
CherenBW (Conditionally)Pansage
100%
BiancaBW (Conditionally)Pansage
100%
CilanBWPansage
100%
ChiliBWPansear
100%
BiancaBW (Conditionally)Pansear
100%
CherenBW (Conditionally)Pansear
100%
HughB2W2Pidove
100%
NBWPidove
100%
CherenBW, B2W2 (Challenge Mode only)Pidove
100%
CherenBW (Conditionally)Pignite
100%
BiancaBW (Conditionally), B2W2Pignite
100%
HughB2W2 (Conditionally)Pignite
100%
GhetsisUMReshiram
100%
NWhite, White 2Reshiram
100%
AlderB2W2Reuniclus
100%
CaitlinBW, B2W2Reuniclus
100%
HughB2W2 (Conditionally)Samurott
100%
BiancaBW (Conditionally)Samurott
100%
CherenBW (Conditionally)Samurott
100%
CressB2W2Samurott
100%
MarshalBW, B2W2Sawk
100%
CherenBW (Conditionally)Serperior
100%
HughB2W2 (Conditionally)Serperior
100%
CilanB2W2Serperior
100%
BiancaBW (Conditionally)Serperior
100%
BiancaBW (Conditionally), B2W2Servine
100%
HughB2W2 (Conditionally)Servine
100%
CherenBW (Conditionally)Servine
100%
CaitlinBW, B2W2Sigilyph
100%
NBWSigilyph
100%
SkylaB2W2 (Challenge Mode only)Sigilyph
100%
BiancaBW (Conditionally)Simipour
100%
CressB2W2Simipour
100%
HughB2W2 (Conditionally)Simipour
100%
CherenBW (Conditionally)Simipour
100%
CilanB2W2Simisage
100%
BiancaBW (Conditionally)Simisage
100%
CherenBW (Conditionally)Simisage
100%
HughB2W2 (Conditionally)Simisage
100%
CherenBW (Conditionally)Simisear
100%
HughB2W2 (Conditionally)Simisear
100%
ChiliB2W2Simisear
100%
BiancaBW (Conditionally)Simisear
100%
BiancaBW (Conditionally)Snivy
100%
HughB2W2 (Conditionally)Snivy
100%
CherenBW (Conditionally)Snivy
100%
BurghB2W2Swadloon
100%
SkylaBW, B2W2Swanna
100%
CherenBW (Conditionally)Tepig
100%
BiancaBW (Conditionally)Tepig
100%
HughB2W2 (Conditionally)Tepig
100%
MarshalBW, B2W2Throh
100%
CherenBWTranquill
100%
HughB2W2Tranquill
100%
SkylaBW, B2W2Unfezant
100%
CherenBWUnfezant
100%
HughB2W2Unfezant
100%
BrycenBWVanillish
100%
AlderBWVanilluxe
100%
BrycenB2W2Vanilluxe
100%
NBW, B2W2Vanilluxe
100%
LenoraBW, B2W2Watchog
100%
CherenB2W2Watchog
100%
CherenB2W2Watchog
100%
ElesaBW, B2W2Zebstrika
100%
NBlack, Black 2Zekrom
100%
GhetsisUSZekrom
100%
DraydenB2W2Altaria
89%
GrimsleyBW, B2W2, SM, USUMBisharp
89%
GhetsisBW, USUMBisharp
89%
EmmetB2W2Boldore
89%
NBWBoldore
89%
MarlonB2W2Carracosta
89%
NBWCarracosta
89%
BiancaBW (Rematch only)Chandelure
89%
AlderB2W2Chandelure
89%
IngoBW, B2W2Chandelure
89%
EmmetBW, B2W2Chandelure
89%
ShauntalBW, B2W2Chandelure
89%
MarshalBW, B2W2Conkeldurr
89%
AlderB2W2Conkeldurr
89%
ChiliB2W2Darmanitan
89%
NBWDarumaka
89%
BengaW2Dragonite
89%
GhetsisB2W2Drapion
89%
GrimsleyBW (Rematch only), SM, USUMDrapion
89%
RoxieB2W2Drapion
89%
BurghBW, B2W2Dwebble
89%
DraydenB2W2Flygon
89%
ClayB2W2Flygon
89%
HughB2W2Flygon
89%
BengaB2Garchomp
89%
ShauntalB2W2 (Challenge Mode (Rematch) only)Gengar
89%
ClayB2W2Golurk
89%
ShauntalBW, B2W2Golurk
89%
ChiliB2W2Heatmor
89%
DraydenB2W2Hydreigon
89%
GhetsisBW, B2W2, USUMHydreigon
89%
IrisB2W2Hydreigon
89%
ShauntalBWJellicent
89%
MarlonB2W2Jellicent
89%
NBWJoltik
89%
ElesaB2W2 (Challenge Mode only)Joltik
89%
ColressB2W2Klink
89%
NBWKlink
89%
MarshalB2W2 (Rematch only)/(Challenge Mode only)Lucario
89%
ColressB2W2Magneton
89%
SkylaB2W2Mandibuzz
89%
BiancaBW (Rematch only)Mienshao
89%
MarshalBW, B2W2Mienshao
89%
BiancaBWMunna
89%
CherenB2W2Patrat
89%
CherenBWPurrloin
89%
NBWPurrloin
89%
NBWSandile
89%
GrimsleyBW, B2W2, SM, USUMScrafty
89%
ClayB2W2Seismitoad
89%
CressB2W2Seismitoad
89%
GhetsisBW, B2W2Seismitoad
89%
SkylaBW, B2W2Swoobat
89%
RoodB2W2Swoobat
89%
NBWTympole
89%
AlderBW, B2W2Volcarona
89%
BengaB2W2Volcarona
89%
BrycenB2W2Weavile
89%
ZinzolinB2W2Weavile
89%
RoxieB2W2Whirlipede
89%
BurghBWWhirlipede
89%
NBWZoroark
89%
NB2W2Abomasnow
78%
AlderBW, B2W2Accelgor
78%
BurghB2W2Accelgor
78%
IrisB2W2Aggron
78%
IngoLegends: ArceusAlakazam
78%
CaitlinB2W2 (Rematch only)Alakazam
78%
MarlonB2W2Alomomola
78%
EmmetBW, B2W2Archeops
78%
IrisB2W2Archeops
78%
SkylaB2W2Archeops
78%
NBWArcheops
78%
ShauntalB2W2 (Challenge Mode only)Banette
78%
CressB2W2Basculin (Red Striped)
78%
ColressB2W2Beheeyem
78%
MarshalBW (Rematch only)Breloom
78%
BurghB2W2Escavalier
78%
BurghB2W2Escavalier
78%
AlderBW, B2W2Escavalier
78%
CilanB2W2Ferrothorn
78%
NB2W2Froslass
78%
ShauntalBW (Rematch only), B2W2 (Rematch only)Froslass
78%
EmmetBW, B2W2Galvantula
78%
ElesaB2W2Galvantula
78%
ElesaB2W2Galvantula
78%
EmmetBW, B2W2Klinklang
78%
ColressB2W2, SM, USUMKlinklang
78%
IngoBW, B2W2Klinklang
78%
NBWKlinklang
78%
RoxieB2W2Koffing
78%
CilanB2W2Lilligant
78%
ColressB2W2Magnemite
78%
IngoLegends: ArceusMagnezone
78%
ColressB2W2, SM, USUMMagnezone
78%
MarshalB2W2 (Rematch only)Medicham
78%
CaitlinBW (Rematch only), B2W2 (Rematch only)/(Challenge Mode only)Metagross
78%
ColressB2W2 (Rematch only), SM, USUMMetagross
78%
ShauntalB2W2 (Rematch only)Mismagius
78%
NB2W2Politoed
78%
IrisB2W2 (Challenge Mode (Rematch) only)Salamence
78%
DraydenB2W2Salamence
78%
LenoraB2W2Sawsbuck (Spring)
78%
RoxieB2W2Seviper
78%
GrimsleyBW (Rematch only), SM, USUMSharpedo
78%
CherenB2W2Stoutland
78%
BiancaBW, B2W2Stoutland
78%
ElesaB2W2Stunfisk
78%
NBWTimburr
78%
GhetsisB2W2Toxicroak
78%
MarshalBW (Rematch only)Toxicroak
78%
RoxieB2W2Toxicroak
78%
BrycenB2W2Walrein
78%
GrimsleyB2W2 (Challenge Mode only), SM, USUMAbsol
67%
ColressSM, USUMAlolan Muk
67%
BiancaB2W2Audino
67%
LenoraB2W2Audino
67%
NB2W2Cloyster
67%
MarlonB2W2Cloyster
67%
CressB2W2Crawdaunt
67%
BurghB2W2Crustle
67%
IngoBW, B2W2Crustle
67%
EmmetBW, B2W2Crustle
67%
BurghB2W2Crustle
67%
BrycenB2W2Dewgong
67%
BurghB2W2Durant
67%
EmmetBW, B2W2Durant
67%
NBWFerroseed
67%
ElesaB2W2Flaaffy
67%
CaitlinB2W2 (Rematch only)Gallade
67%
EmmetBW, B2W2Garbodor
67%
RoxieB2W2Garbodor
67%
RoxieB2W2Garbodor
67%
IngoBW, B2W2Garbodor
67%
IngoB2W2Gurdurr
67%
NB2W2Hippowdon
67%
BurghB2W2 (Challenge Mode only)Karrablast
67%
IngoLegends: ArceusMachamp
67%
MarshalB2W2 (Challenge Mode (Rematch) only)Machamp
67%
ClayB2W2Mamoswine
67%
NB2W2Mamoswine
67%
CilanB2W2Maractus
67%
ColressB2W2Metang
67%
ColressSM, USUMMuk
67%
NB2W2Rhyperior
67%
ColressB2W2 (Rematch only)Rotom (Wash)
67%
ClayB2W2Sandslash
67%
NB2W2Scizor
67%
RoxieB2W2Scolipede
67%
BurghB2W2 (Challenge Mode only)Shelmet
67%
GrimsleyB2W2 (Challenge Mode (Rematch) only), SM, USUMTyranitar
67%
BurghB2W2Vespiquen
67%
MarlonB2W2Wailord
67%
ClayB2W2Claydol
56%
SkylaB2W2Drifblim
56%
ShauntalBW (Rematch only), B2W2Drifblim
56%
ColressB2W2Elgyem
56%
NB2W2Glaceon
56%
CressB2W2Golduck
56%
GrimsleyB2W2 (Rematch only)Honchkrow
56%
NB2W2Kabutops
56%
NB2W2Lanturn
56%
IrisB2W2Lapras
56%
CherenB2W2Lickilicky
56%
LenoraB2W2Lickilicky
56%
MarlonB2W2Mantine
56%
BiancaB2W2Mienfoo
56%
NB2W2Omastar
56%
ClayB2W2 (Challenge Mode only)Onix
56%
ColressSM, USUMPorygon2
56%
ColressSM, USUMPorygon-Z
56%
CherenB2W2Porygon-Z
56%
NBWScraggy
56%
NB2W2Shiftry
56%
SkylaB2W2Skarmory
56%
CressB2W2Slowking
56%
ZinzolinB2W2Sneasel
56%
CherenB2W2Zangoose
56%
RoxieB2W2Amoonguss
44%
ElesaB2W2Ampharos
44%
ChiliB2W2Arcanine
44%
NB2W2Arcanine
44%
NB2W2Armaldo
44%
ChiliB2W2Camerupt
44%
NB2W2Cradily
44%
CressB2W2Floatzel
44%
IngoLegends: ArceusGliscor
44%
IngoLegends: ArceusGliscor
44%
RoxieB2W2 (Challenge Mode only)Grimer
44%
BurghB2W2Heracross
44%
NB2W2Leafeon
44%
IngoLegends: ArceusMachoke
44%
ChiliB2W2Magmortar
44%
NB2W2Ninetales
44%
NB2W2Starmie
44%
MarlonB2W2Starmie
44%
NB2W2Tentacruel
44%
CilanB2W2Whimsicott
44%
CressB2W2Azumarill
33%
CaitlinBW (Rematch only)Bronzong
33%
CherenB2W2Castform
33%
LenoraB2W2Clefable
33%
RoxieB2W2Crobat
33%
LenoraB2W2Dunsparce
33%
NB2W2Gastrodon (West Sea)
33%
GrimsleyB2W2 (Rematch only), SM, USUMHoundoom
33%
CilanB2W2Jumpluff
33%
SkylaB2W2Jumpluff
33%
LenoraB2W2Kangaskhan
33%
BengaW2Latias
33%
BengaB2Latios
33%
CherenB2W2Lopunny
33%
ElesaB2W2Luxray
33%
NB2W2Ninjask
33%
MarlonB2W2Quagsire
33%
IngoLegends: ArceusTangela
33%
IngoLegends: ArceusBasculegion
22%
ColressSM, USUMElectrode
22%
IngoLegends: ArceusProbopass
22%
NB2W2Rapidash
22%
IngoLegends: ArceusTangrowth
22%
RoxieB2W2Golbat
11%
RoxieB2W2Golbat
11%
IngoLegends: ArceusKleavor
11%
IngoLegends: ArceusWyrdeer
11%

Score Distribution

Percentile by Number Answered

Percent of People with Each Score

Your Score History

You have not taken this quiz since the last reset